Statistiques concernant Genres Musicaux

Cliquez ici pour prendre le quiz!

Statistiques générales

  • Ce quiz a été pris 105 fois
  • Le résultat moyen est 14 sur 54

Statistiques - réponses

IndiceGenre% Correct
Musique...Rock
94%
Musique...Rap
90%
Musique...Classique
84%
Musique...Pop
83%
Musique...Jazz
76%
Musique...Heavy metal
69%
Musique...Reggae
60%
Musique...Électro
57%
Musique...Rnb
57%
Musique...Hip-Hop
50%
Musique...Blues
44%
Musique...Funk
44%
Musique...Soul
43%
Musique...Hard Rock
42%
Musique...Country
38%
Musique...Punk
31%
Musique...Dance
28%
Musique...Folk
27%
Musique...K-pop
26%
Musique...Salsa
26%
Musique...Disco
25%
Musique...Afro
22%
Musique...Tango
22%
Musique...Latino
20%
Musique...Zouk
20%
Musique...Samba
19%
Musique...Flamenco
17%
Musique...Indie
17%
Musique du...Monde
16%
Musique...Bossa Nova
14%
Musique...Grunge
14%
Musique...Reggaeton
14%
Musique...gospel
13%
Musique...Française
11%
Musique...Alternatif
10%
Musique...Traditionnelle
9%
Musique...Film
6%
Musique...Rock progressif
6%
Musique...Swing
6%
Musique...Celtique
3%
Musique...Cumbia
3%
Musique...Garage
3%
Musique...Groove
2%
Musique...Jazz manouche
2%
Musique...Brésilienne
1%
Musique...Cubaine
1%
Musique...Irlandaise
1%
Musique...Slave
1%
Musique...Afriquaine
0%
Musique...Americana
0%
Musique...Antillaise
0%
Musique...Corse
0%
Musique...DJ saxophoniste
0%
Musique...Gypsy
0%

Distribution des résultats

Percentile par nombre de réponses

% des personnes avec chaque résultat

Votre développement - résultats

Vous n’avez pas pris ce quiz